| 000 | 00000nam##2200000za#4500 |
| 001 | 9.639944 |
| 003 | CaOODSP |
| 005 | 20240314152355 |
| 007 | cr ||||||||||| |
| 008 | 150407|2010||||xxc|||||o f|0| 0 fre|d |
| 020 | |a978-1-100-98886-3 |
| 040 | |aCaOODSP|bfre |
| 043 | |an-cn--- |
| 086 | 1 |aPS4-138/2010F-PDF |
| 110 | 1 |aCanada. |bSécurité publique Canada. |
| 245 | 10|aÉvaluation de l'Initiative sur les équipes intégrées de la police des marchés financiers (EIPMF) de 2009-2010 : |h[ressource électronique]|brapport final / |c[par] Direction générale de l'évaluation. |
| 260 | |aOttawa - Ontario : |bSécurité publique Canada |c28 mai 2010. |
| 300 | |a81p.|bfigures, tableaux |
| 590 | |a12-43-Supp|b2012-12-07 |
| 691 | 07|aCrime économique|2gcpds |
| 691 | 07|aGestion financière|2gcpds |
| 775 | 08|t2009-2010 evaluation of the Integrated Market Enforcement Team Initiative : |w(CaOODSP)9.695794 |
| 856 | 40|ahttp://publications.gc.ca|qPDF|s528 Ko|uhttps://publications.gc.ca/collections/collection_2012/sp-ps/PS4-138-2010-fra.pdf |